000 01228nam a2200241Ia 4500
999 _c52177
_d52177
001 19185
003 GE_BSU
005 20210415111600.0
008 181216s2013||||ge |||||||||||||| ||rus||
040 _cGE_BSU
041 _arus
080 _a 91 Ш-19
100 _aШамоглы, Светлана
_910403
245 _aСемантическое поле "Дом-хозяйство" в болгарской русской и грузинской языковых картинах мира
_cСветлана Шамоглы; Научн. руков. М. В. Арошидзе. Батумский гос. ун-т им. Шота Руставели. Департамент славистики
264 _aБатуми ;
_bБатумский гос. ун-т им. Ш. Руставели,
_c2013.
300 _a121 стр.
_b 30 см.
653 _aЛитературоведение
653 _aСемантическое поле ,,Дом-хозяйство,, в болгарской русской и грузинской языковых картинах мира
653 _aდისერტაცია
653 _aლიტმცოდნეობა
653 _aДиссертация
942 _cBK
_2udc